000 01990cam a2200565 4500
999 _c24144
_d24144
001 vtls012151190
005 20260218101609.0
008 221007s2022 xo g 000 f slo
020 _a9788022213448
_q(viazané)
040 _aSNK
_bslo
_cSNK
_erda
041 1 _aslo
_heng
044 _axo
_cSK
072 7 _a821.111(73)-3
_xAmerická próza
_2konspekt
080 _a(=411.16)
_22011
080 _a323.12"1939/1945"
_22011
080 _a343.819.5
_22011
080 _a94(100)"1939/1945"
_22011
080 _a821.111(73)-31
_22011
080 _a(0:82-311.6)
_22011
100 1 _aShipman, James D.
_4aut
_95437
240 1 0 _aBeyond the Wire
_lSlovensky
245 1 0 _aZa ostnatým drôtom
_cJames D. Shipman ; z anglického originálu Beyond the Wire ... preložila Zuzana Gáliková
250 _aVydanie I.
264 1 _aBratislava
_bTatran
_c2022
300 _a300 strán
_c24 cm
336 _atext
_btxt
_2rdacontent
337 _abez média
_bn
_2rdamedia
338 _azväzok
_bnc
_2rdacarrier
500 _aObsahuje stručné biografické údaje o autorovi na záložke prebalu publikácie
610 1 7 _aBrezinka (koncentračný tábor)
_2SNKPH
_93561
650 0 7 _aŽidia
_2SNKPH
_91732
650 0 7 _aholokaust (1939-1945)
_2SNKPH
_91733
650 0 7 _akoncentračné tábory
_2SNKPH
_91734
650 0 7 _aJews
_2SNKPHeng
_91737
650 0 7 _aHolocaust (1939-1945)
_2SNKPHeng
_91738
650 0 7 _aConcentration camps
_2SNKPHeng
_91739
650 0 7 _aWorld War (1939-1945)
_2SNKPHeng
_91740
650 0 7 _adruhá svetová vojna (1939-1945)
_2SNKPH
_91735
655 7 _aamerické romány
_2SNKPH
_92
655 7 _ahistorické romány
_2SNKPH
_91688
655 7 _avojnové romány
_2SNKPH
_93067
655 7 _aAmerican fiction
_2SNKPHeng
_93
655 7 _aHistorical novels
_2SNKPHeng
_91689
655 7 _aWar novels
_2SNKPHeng
_93068
700 1 _aGáliková, Zuzana
_4trl
_95411
958 _aLX
958 _aUP
958 _aZD